Classical mechanics / (Record no. 901)

000 -LEADER
fixed length control field 00624nam a22002297a 4500
001 - CONTROL NUMBER
control field 901
003 - CONTROL NUMBER IDENTIFIER
control field Bd-DhUET
008 - FIXED-LENGTH DATA ELEMENTS--GENERAL INFORMATION
fixed length control field 140825b xxu||||| |||| 00| 0 eng d
020 ## - INTERNATIONAL STANDARD BOOK NUMBER
International Standard Book Number 9788177582833
040 ## - CATALOGING SOURCE
Transcribing agency 0
Modifying agency BD-DhUET
082 ## - DEWEY DECIMAL CLASSIFICATION NUMBER
Edition number 531
Item number GOL/2002
100 ## - MAIN ENTRY--PERSONAL NAME
Personal name Golodstein, Herbert
245 ## - TITLE STATEMENT
Title Classical mechanics /
Statement of responsibility, etc. by Herbert Goldstein, Charles P . Poole, John L. Safko
250 ## - EDITION STATEMENT
Edition statement 3rd ed.
260 ## - PUBLICATION, DISTRIBUTION, ETC. (IMPRINT)
Place of publication, distribution, etc. New Delhi :
Name of publisher, distributor, etc. Pearson Education,
Date of publication, distribution, etc. 2002
300 ## - PHYSICAL DESCRIPTION
Extent xviii,638p.
504 ## - BIBLIOGRAPHY, ETC. NOTE
Bibliography, etc Includes bibliographies
650 #0 - SUBJECT ADDED ENTRY--TOPICAL TERM
Topical term or geographic name as entry element Mechanics - Physics
700 ## - ADDED ENTRY--PERSONAL NAME
Personal name Poole, Charles
700 ## - ADDED ENTRY--PERSONAL NAME
Personal name Safco, John
942 ## - ADDED ENTRY ELEMENTS (KOHA)
Koha item type General Book
Holdings
Source of classification or shelving scheme Koha normalized classification for sorting Koha date last seen Not for loan Copy number Koha date last borrowed Damaged status Koha full call number Sublocation or collection (holding branch) Piece designation (barcode) Withdrawn status Shelving location Lost status Date acquired Location (home branch) Price effective from Koha item type Koha issues (times borrowed)
 531GOL20022017-01-23 12015-08-31 531/GOL/2002Central Library, BUET111745 Circulation section 2014-08-25Central Library, BUET2014-08-25General Book1